| 000 | 01386nas1a22003131i 4500 | ||
|---|---|---|---|
| 001 | RU\NLR\INFOCOMM_23\5000633164 | ||
| 005 | 20240726051844.0 | ||
| 035 | _a(NLR Aleph) 003719571 | ||
| 090 |
_a2735818 _c2735818 |
||
| 100 | _a20060221c1881 |||y0rusy50 ba | ||
| 101 | 0 | _ager | |
| 102 | _aRU | ||
| 110 | _azyuz|||0|y| | ||
| 200 | 1 |
_aRepertorium für Meteorologie _iSupplementband |
|
| 207 | 0 | _a[1]-6 | |
| 210 |
_aSt. Petersburg _d1881- |
||
| 712 | 0 | 2 |
_aAkademie der Wissenschaften _cPetersburg _4570 |
| 801 | 1 |
_aRU _bInfoComm _c20060221 |
|
| 801 | 0 |
_aRU _bNLR _gPSBO |
|
| 852 |
_aNLR _j26.3a.5.1 |
||
| 942 | _cSE | ||
| 980 | _aINPER | ||